The new London property guide 2004-2005 (Record no. 103655)

MARC details
000 -LEADER
fixed length control field 01190cam a2200277 4500
008 - FIXED-LENGTH DATA ELEMENTS--GENERAL INFORMATION
fixed length control field 040721n2004 000 0 eng u
020 ## - INTERNATIONAL STANDARD BOOK NUMBER
International Standard Book Number 1840008644
035 ## - SYSTEM CONTROL NUMBER
System control number (Sirsi) u126851
041 ## - LANGUAGE CODE
Language code of text/sound track or separate title eng
050 ## - LIBRARY OF CONGRESS CALL NUMBER
Classification number 333.3309421
-- 18
100 ## - MAIN ENTRY--PERSONAL NAME
Personal name Seagrave, Carrie
245 #4 - TITLE STATEMENT
Title The new London property guide 2004-2005
250 ## - EDITION STATEMENT
Edition statement 4th ed.
260 ## - PUBLICATION, DISTRIBUTION, ETC.
Place of publication, distribution, etc. London
Name of publisher, distributor, etc. Mitchell Beazley
Date of publication, distribution, etc. 2004
300 ## - PHYSICAL DESCRIPTION
Extent 671p.
Dimensions 21cm.
350 ## - PRICE (NR) (BK AM CF MU VM SE) [OBSOLETE]
Price 9.09
520 ## - SUMMARY, ETC.
Summary, etc. The latest edition of this useful handbook giving guidance on buying, selling, renting and letting homes in London. Includes profiles of 480 neighbourhoods, London-wide price charts, information on transport links, traffic charges, council tax, and schools. Also provides guidance on: home buying reform; freehold, leasehold and commonhold; mortgages; investing in property; building works, planning and building regulations; and architectural styles.
650 ## - SUBJECT ADDED ENTRY--TOPICAL TERM
Topical term or geographic name entry element LONDON
650 ## - SUBJECT ADDED ENTRY--TOPICAL TERM
Topical term or geographic name entry element RESIDENTIAL LETTINGS
650 ## - SUBJECT ADDED ENTRY--TOPICAL TERM
Topical term or geographic name entry element RESIDENTIAL SALES
650 ## - SUBJECT ADDED ENTRY--TOPICAL TERM
Topical term or geographic name entry element RESIDENTIAL PROPERTY
9 (RLIN) 6266
650 ## - SUBJECT ADDED ENTRY--TOPICAL TERM
Topical term or geographic name entry element PROPERTY-RESIDENTIAL PROPERTY-ACQUISITION AND DISPOSAL OF RESIDENTIAL PROPERTY
690 ## - LOCAL SUBJECT ADDED ENTRY--TOPICAL TERM (OCLC, RLIN)
Topical term or geographic name as entry element HOUSING
942 ## - ADDED ENTRY ELEMENTS (KOHA)
Suppress in OPAC 0
Holdings
Withdrawn status Lost status Source of classification or shelving scheme Damaged status Not for loan Home library Current library Shelving location Date acquired Cost, normal purchase price Total Checkouts Full call number Barcode Date last seen Date last checked out Copy number Cost, replacement price Price effective from Koha item type
    Dewey Decimal Classification     London London Missing 07/09/2004 9.09 9 333.3309421 SEG 30069485 06/08/2019 03/07/2006 1 9.09 06/08/2019 Book